00488nam a2200145 a 450000100100000000500170001000800410002704000250006808200150009310000360010824500980014426000660024230000170030850500170032500003319620200930070106.0110822s1948 dr 000 0 spa d aDO-SdBNPbspacBNPHU axxxbC965h1 aCuesta Mendoza, Antonio,d1873-10aHistoria de la educación en el Puerto Rico Colonial :b1821-1898 /cAntonio Cuesta Mendoza. aCiudad Trujillo, República Dominicana :bArtey cine,c1948. av. ;c22 cm.0 gVolumen II :